logo

Bir Sreshtho Munshi Abdur Rouf Library
Jhenaidah Cadet College

IP switching and routing essentials : (Record no. 14170)

MARC details
000 -LEADER
fixed length control field 00690nam a2200229 a 4500
001 - CONTROL NUMBER
JCCL Control Number 14170
003 - CONTROL NUMBER IDENTIFIER
JCCL marc code BD-JhCC
005 - DATE AND TIME OF LATEST TRANSACTION
control field 20250205131440.0
008 - FIXED-LENGTH DATA ELEMENTS--GENERAL INFORMATION
fixed length control field 250204b2002 n a|||| ||a| 001 0 eng d
020 ## - INTERNATIONAL STANDARD BOOK NUMBER
International Standard Book Number 0471034665
035 ## - SYSTEM CONTROL NUMBER
system control number (BD-JhCC)14170
040 ## - CATALOGING SOURCE
Original cataloging agency BD-JhCC
Modifying agency BD-JhCC
041 ## - LANGUAGE CODE
Language code of Book English
082 ## - DEWEY DECIMAL CLASSIFICATION NUMBER
Classification number 004.1
Author mark and Year THO 2002
100 ## - MAIN ENTRY--PERSONAL NAME
Personal name Thomas,Stephen A.
245 ## - TITLE STATEMENT
Title IP switching and routing essentials :
Remainder of title understanding RIP, OSPF, BGP, MPLS, CR-LDP, and RSVP-TE /
Statement of responsibility, etc Stephen A. Thomas.
260 ## - PUBLICATION, DISTRIBUTION, ETC. (IMPRINT)
Place of publication, distribution, etc New York:
Name of publisher, distributor, etc Wiley;
Date of publication, distribution, etc 2002.
300 ## - PHYSICAL DESCRIPTION
Pagination ix, 358 p. :
Other physical details ill;
Dimensions 24 cm.
651 ## - SUBJECT ADDED ENTRY--GEOGRAPHIC NAME
Geographic name Computer network protocols
Geographic subdivision Routers (Computer networks)
942 ## - ADDED ENTRY ELEMENTS (KOHA)
Source of classification or shelving scheme Dewey Decimal Classification
Koha item type Books
Holdings
Source of classification or shelving scheme Damaged status Not for loan Home library Current library Shelving location Date of accession Source of acquisition Cost, normal purchase price Total Checkouts Full call number Barcode Date last seen Copy number Method of acquisition Koha item type Currency
Dewey Decimal Classification     JCC Rouf Library JCC Rouf Library General Stacks   With the compliments of Shahriar Imtiaz Rahman,27/1483/K 800.00   004.1 THO 2002 19851 02/05/2025 C-1 Gift/Donation Books BDT

JCC Library | Contacts | JCC Home

Last Update on 23 September 2017
Copyright @ 2017-2020 JCC Rouf Library
Rouf Library, Jhenidah Cadet College (JCC), Bangladesh